Glass Animals Lyrics! - Statistics

General Stats
  • This quiz has been taken 107 times
  • The average score is 141 of 386
Answer Stats
Answer % Correct
I
88%
You
79%
you
79%
you,
79%
a
77%
me
67%
the
67%
The
67%
so
62%
do,
60%
do
60%
and
52%
And
52%
to
52%
What
51%
when
51%
in
47%
on
42%
are
38%
where
37%
my
36%
My
36%
for
33%
For
33%
they
33%
Why
33%
is
29%
know
29%
want
29%
But
27%
can't
27%
get
27%
How
27%
I'm
27%
just
27%
see
27%
Am
26%
lost
26%
ocean.
26%
ocean
26%
at
25%
now,
25%
now
25%
of
25%
had
23%
here
23%
all
22%
It's
22%
too
22%
water,
22%
anything
21%
down
21%
loved
21%
up,
21%
Up
21%
alone?
19%
babe.
19%
close
19%
fun?
19%
I'd
19%
leave
19%
Put
19%
Save
19%
sun
19%
time
19%
afternoon.
18%
door.
18%
lonesome?
18%
out.
18%
out
18%
that
18%
broken?
16%
broken.
16%
Did
16%
feeling
16%
I've
16%
much?
16%
over.
16%
say
16%
toes.
16%
lungs.
15%
scream
15%
top
15%
Chew
14%
everything
14%
flood,
14%
goes.
14%
into
14%
sitcom
14%
stare
14%
wanna
14%
comes
12%
emotions.
12%
enough
12%
heart
12%
hoping,
12%
little?
12%
today.
12%
today's
12%
Heel
11%
once?
11%
press
11%
acting
10%
being
10%
crying,
10%
glass
10%
ground.
10%
hole
10%
normal?
10%
Oh,
10%
something.
10%
control.
8%
dragging
8%
floor.
8%
found
8%
gonna
8%
happiness
8%
Laughing
8%
lunch.
8%
staring
8%
stub
8%
third
8%
coast.
7%
Lump
7%
monologue's
7%
throat
7%
drew
5%
Fog
5%
showered
5%
tongue.
4%
No matching quizzes found
Score Distribution
Percent of People with Each Score
Percentile by Number Answered
Your Score History
You have not taken this quiz